[Event "3-Silence"]
[Site "http://www.queenalice.com/game.php?id=558395"]
[Date "2009.3.19"]
[Round "-"]
[White "limaosiciliano"]
[Black "llfs"]
[Result "1-0"]
[WhiteElo "1378"]
[BlackElo "1377"]

1. e4 Nc6 2. d4 e6 3. Nf3 Bb4+ 4. c3 Bf8 5. Bd3 g6 6. Bf4 Nf6 7. h3 a6 8. Nbd2
Bg7 9. Qc2 d5 10. e5 Nh5 11. Be3 f5 12. exf6 Nxf6 13. Ne5 Nxe5 14. dxe5 Nd7 15.
f4 Qh4+ 16. Ke2 1-0

[Event "10-Anthemoessa"]
[Site "http://www.queenalice.com/game.php?id=558403"]
[Date "2009.3.19"]
[Round "-"]
[White "limaosiciliano"]
[Black "llfs"]
[Result "1-0"]
[WhiteElo "1194"]
[BlackElo "1578"]

1. e4 d5 2. exd5 Qxd5 3. Nc3 Qe5+ 4. Be2 Qg5 5. Bf3 Bg4 6. Bxg4 Nf6 7. Bf3 e5 8.
d4 Qf5 9. Bxb7 exd4 10. Qxd4 Ng4 11. Bf4 Qxc2 12. Rd1 Qxb2 13. Qd8# 1-0

[Event "11-Treasure"]
[Site "http://www.queenalice.com/game.php?id=558404"]
[Date "2009.3.19"]
[Round "-"]
[White "llfs"]
[Black "limaosiciliano"]
[Result "0-1"]
[WhiteElo "1433"]
[BlackElo "1322"]

1. d4 d5 2. c3 Nd7 3. Nf3 g6 4. g3 Bg7 5. Bg2 b6 6. O-O Bb7 7. Bg5 h6 8. Bd2
Ngf6 9. Ne5 O-O 10. Qc1 Kh7 11. a3 Nxe5 12. dxe5 Ne4 13. Bxe4 dxe4 14. f4 exf3
0-1

[Event "Challenge"]
[Site "http://www.queenalice.com/game.php?id=559756"]
[Date "2009.3.22"]
[Round "-"]
[White "gomonkey"]
[Black "llfs"]
[Result "1-0"]
[WhiteElo "1739"]
[BlackElo "1462"]

1. e4 e5 2. Nf3 Nc6 3. c3 g6 4. d4 exd4 5. cxd4 d5 6. e5 Bg7 7. h3 Nf6 8. exf6
Qxf6 9. Bg5 Qe6+ 10. Be3 O-O 11. a3 a6 12. Bd3 b5 13. O-O b4 14. Ng5 Qf6 15. Nd2
Nxd4 16. axb4 Nf5 17. Re1 Qxb2 18. b5 Nd4 19. h4 Nf5 20. bxa6 Nxh4 21. Qe2 d4
22. Bf4 Qb6 23. Nc4 Qc6 24. Be4 d3 25. Qxd3 Qf6 26. g3 Rxa6 27. Ne5 Rxa1 28.
Rxa1 Nf5 29. Rc1 Be6 30. Nxe6 Qxe6 31. Nd7 Rd8 32. Rxc7 Bf6 33. Nc5 Qe8 34. Qf3
Nd4 35. Qg4 Qf8 36. Nd7 Qe7 37. Nxf6+ Qxf6 38. Rc8 Ne2+ 39. Kf1 Nxf4 40. gxf4
Qe7 41. Rxd8+ Qxd8 42. f5 Qf6 43. Qf4 Qa1+ 44. Kg2 Qf6 45. Kg3 Kg7 46. f3 g5 47.
Qg4 h6 48. f4 Qc3+ 49. Bf3 Qe1+ 50. Kg2 f6 51. fxg5 fxg5 52. Qh5 Qd2+ 53. Kg3
Qf4+ 54. Kg2 Qxf5 55. Qe8 Qf7 56. Qe4 h5 57. Qd4+ Kh6 58. Be4 g4 59. Qe3+ Kg7
60. Qg5+ Kf8 61. Qh6+ Ke7 62. Bg6 Qf3+ 63. Kg1 g3 64. Qg7+ Kd6 65. Qd4+ Ke7 66.
Qe5+ Kd7 67. Bf5+ Kd8 68. Qd6+ Ke8 69. Bg6+ Qf7 70. Bxf7+ Kxf7 71. Qxg3 Kf6 72.
Qh4+ Kg6 73. Kg2 Kh6 74. Kg3 Kg6 75. Kf4 Kh6 76. Kf5 Kg7 77. Qf6+ Kh7 78. Qg6+
Kh8 79. Kf6 1-0

[Event "Challenge"]
[Site "http://www.queenalice.com/game.php?id=559759"]
[Date "2009.3.22"]
[Round "-"]
[White "Marivaldo"]
[Black "llfs"]
[Result "1-0"]
[WhiteElo "1825"]
[BlackElo "1524"]

1. d4 d5 2. Nf3 e6 3. a3 g6 4. Bf4 Bg7 5. Nc3 Ne7 6. e3 a6 7. Ne2 O-O 8. h4 c6
9. h5 gxh5 10. Rxh5 Nf5 11. Ng3 h6 12. Nxf5 exf5 13. Bxh6 Bxh6 14. Rxh6 Kg7 15.
Rh2 Rh8 16. Rxh8 Qxh8 17. g3 Nd7 18. Nh4 Nf6 19. Qf3 Qh7 20. O-O-O Bd7 21. Bd3
Ne4 22. Rh1 Ng5 23. Nxf5+ Bxf5 24. Rxh7+ Bxh7 25. Qg4 Bxd3 26. cxd3 Kg6 27. f4
f6 28. fxg5 fxg5 29. Qe6+ Kh5 30. Qf7+ Kg4 31. Qxb7 Rf8 32. Qxc6 Kf3 33. Qxd5+
Kxe3 34. Qxg5+ Kxd3 35. Qg6+ Kxd4 36. Qg7+ Kc4 37. Qxf8 Kb3 38. Qb4+ Ka2 39.
Qc4+ Ka1 40. Kc2 a5 41. b3 a4 42. Qc3+ Ka2 43. Qb2# 1-0

[Event "Challenge"]
[Site "http://www.queenalice.com/game.php?id=559761"]
[Date "2009.3.22"]
[Round "-"]
[White "llfs"]
[Black "Marivaldo"]
[Result "0-1"]
[WhiteElo "1510"]
[BlackElo "1814"]

1. e4 a6 2. e5 d6 3. d4 Nd7 4. f4 Nh6 5. Be3 Nf5 6. Qe2 Nb6 7. b3 Nd5 8. exd6
Qxd6 9. Bd2 Nxf4 10. Qe5 Ng6 11. Qxd6 exd6 12. Nf3 Ngh4 13. Bc3 f6 14. Nbd2
Nxf3+ 15. Nxf3 Ne3 16. Kd2 Nd5 17. Bc4 Nxc3 18. Kxc3 Bd7 19. Rae1+ Kd8 20. Kb2
b5 21. Bd5 c6 22. Be4 g5 23. d5 c5 24. h4 g4 25. Ng1 Bg7 26. g3 f5+ 27. Kb1 fxe4
28. Rxe4 Be5 29. Re3 Rf8 30. Ne2 Rf3 31. Rxf3 gxf3 32. Nf4 Kc7 33. Ne6+ Kb6 34.
Ng5 Bxg3 35. Nxf3 Bf5 36. Ng5 h6 37. Nf7 Be4 38. Nxh6 Bxh1 39. Nf5 Bf4 40. Ne7
Re8 41. Ng6 Re1+ 42. Kb2 Be5+ 43. Nxe5 Rxe5 44. c4 Re2+ 45. Ka1 bxc4 46. bxc4
Rc2 47. h5 Rxc4 48. h6 Bxd5 49. h7 Rc1+ 50. Kb2 Rh1 51. h8=N Rh2+ 52. Ka3 Rxh8
53. Ka4 Rh3 54. a3 Bc6# 0-1

[Event "Let's Play Chess!"]
[Site "http://www.queenalice.com/game.php?id=563352"]
[Date "2009.3.28"]
[Round "-"]
[White "llfs"]
[Black "Jhonatan"]
[Result "1-0"]
[WhiteElo "1513"]
[BlackElo "1448"]

1. e4 d5 2. e5 Nc6 3. d4 e6 4. c3 f6 5. Bf4 g5 6. Be3 fxe5 7. dxe5 Nxe5 8. Qd4
Bd6 9. Nf3 Qf6 10. Bxg5 Qf5 11. Be3 c5 12. Qa4+ Bd7 13. Qb3 Nd3+ 14. Bxd3 Qxd3
15. Qxb7 Rb8 16. Qxa7 Rxb2 17. Nbd2 1-0

[Event "Let's Play Chess!"]
[Site "http://www.queenalice.com/game.php?id=568676"]
[Date "2009.4.9"]
[Round "-"]
[White "brooknewton"]
[Black "llfs"]
[Result "1-0"]
[WhiteElo "1532"]
[BlackElo "1526"]

1. e4 e5 2. d3 d6 3. g4 f6 4. f4 Nc6 5. f5 b6 6. c3 Bb7 7. b4 Qd7 8. a4 a6 9.
Na3 Nge7 10. Nc4 O-O-O 11. a5 bxa5 12. b5 axb5 13. Nxa5 Nb8 14. Nxb7 Kxb7 15.
Be3 Nec6 16. d4 d5 17. Bxb5 dxe4 18. Qa4 Kc8 19. Ba6+ Nxa6 20. Qxa6+ Kb8 21.
Qa8# 1-0

[Event "do Ceará p/ o Brasil e o mundo."]
[Site "http://www.queenalice.com/game.php?id=568786"]
[Date "2009.4.9"]
[Round "-"]
[White "llfs"]
[Black "jw16js"]
[Result "0-1"]
[WhiteElo "1445"]
[BlackElo "1550"]

1. e4 e5 2. g3 Qf6 3. Nf3 d6 4. Bg2 Bg4 5. d3 Bxf3 6. Bxf3 Nc6 7. c3 Nge7 8. b4
b5 9. a3 g5 10. Nd2 Nc8 11. a4 bxa4 12. Qxa4 Ne7 13. Qb5 Kd7 14. Ra6 d5 15. exd5
Rb8 16. Qa4 Qd6 17. Rxa7 Nc8 18. Nc4 Nb6 19. Bg4+ Kd8 20. Nxd6 Nxa4 21. Rxa4
Bxd6 22. dxc6 h5 23. Bxg5+ Ke8 24. Bh3 Rg8 25. Bf6 Rg6 26. Bh4 f6 27. O-O Kf8
28. Rfa1 Kg7 29. Ra8 Rxa8 30. Rxa8 Kf7 31. b5 Rg7 0-1

[Event "Brother´s Challenge!!!"]
[Site "http://www.queenalice.com/game.php?id=569207"]
[Date "2009.4.9"]
[Round "-"]
[White "llfs"]
[Black "Lu_pqd"]
[Result "0-1"]
[WhiteElo "1445"]
[BlackElo "1433"]

1. e3 e5 2. g3 d5 3. c3 Nf6 4. d4 c5 5. dxe5 Nfd7 6. Nf3 Qa5 7. Bd2 c4 8. Bh3 b5
9. e6 fxe6 10. Bxe6 Bb7 11. Ng5 Ne5 12. f4 Nd3+ 13. Kf1 Nxb2 14. Bf7+ Ke7 15.
Qg4 Qb6 16. Qf5 Nd7 17. Bxd5 Nd3 18. Qe4+ Kd8 19. Nf7+ Kc7 20. Nxh8 N3c5 21. Qf3
Be7 22. Nf7 Rf8 23. Na3 Nf6 24. Bxb7 Nxb7 25. Ne5 Bxa3 0-1

[Event "Nível Iniciante"]
[Site "http://www.queenalice.com/game.php?id=569961"]
[Date "2009.4.10"]
[Round "-"]
[White "llfs"]
[Black "lafasouza"]
[Result "0-1"]
[WhiteElo "1520"]
[BlackElo "1746"]

1. e4 e5 2. f3 Nc6 3. d3 Be7 4. Be3 d6 5. Nc3 Nf6 6. Bg5 Nd4 7. Bxf6 Bxf6 8. h3
Bh4+ 9. Kd2 Qg5+ 10. f4 Qxf4# 0-1

[Event "Nível Fácil"]
[Site "http://www.queenalice.com/game.php?id=569962"]
[Date "2009.4.10"]
[Round "-"]
[White "lafasouza"]
[Black "llfs"]
[Result "1-0"]
[WhiteElo "1714"]
[BlackElo "1489"]

1. e4 e5 2. Nf3 Nc6 3. d3 d6 4. Bg5 f6 5. Be3 Bg4 6. h3 Bc8 7. Nc3 Be6 8. a3 a6
9. b4 b5 10. Nd5 Bxd5 11. exd5 Nce7 12. c4 bxc4 13. dxc4 Qd7 14. Bd3 c6 15. dxc6
Qxc6 16. Qc2 Qc8 17. Be4 Nc6 18. Bf5 Qd8 19. b5 axb5 20. cxb5 Qa5+ 21. Nd2 Qxb5
22. Bd3 Qb7 23. O-O 1-0

[Event "Let's Play Chess!"]
[Site "http://www.queenalice.com/game.php?id=570033"]
[Date "2009.4.10"]
[Round "-"]
[White "sergioperuibe7"]
[Black "llfs"]
[Result "1-0"]
[WhiteElo "2038"]
[BlackElo "1526"]

1. d4 d5 2. c4 dxc4 3. Nf3 Nc6 4. d5 Nb8 5. e4 b5 6. a4 Ba6 7. axb5 Bxb5 8. b3
c6 9. bxc4 Ba6 10. Bf4 cxd5 11. Bxb8 Bxc4 12. Bxc4 dxc4 13. Qxd8+ Kxd8 14. Bxa7
Nf6 15. e5 Ne4 16. Bb6+ Kc8 17. Rxa8+ Kb7 18. Ra4 Kxb6 19. Rxc4 Nc5 20. O-O e6
21. Ng5 f6 22. exf6 gxf6 23. Ne4 Nxe4 24. Rxe4 e5 25. Rc1 Bc5 26. Nc3 Ba3 27.
Nd5+ Kb7 28. Rb1+ Ka8 29. Ra4# 1-0

[Event "Let's Play Chess!"]
[Site "http://www.queenalice.com/game.php?id=570034"]
[Date "2009.4.10"]
[Round "-"]
[White "llfs"]
[Black "sergioperuibe7"]
[Result "0-1"]
[WhiteElo "1525"]
[BlackElo "2115"]

1. e4 e6 2. f3 d5 3. d3 c5 4. e5 Nc6 5. f4 Nge7 6. Nd2 Ng6 7. g3 Qb6 8. Ndf3 Be7
9. Be2 f6 10. b3 fxe5 11. fxe5 Ncxe5 12. Bb2 d4 13. Qd2 Bd7 14. Nxe5 Nxe5 15.
Nf3 Bf6 16. Nxe5 Bxe5 17. Qg5 Qd6 18. Qh5+ g6 19. Qh6 O-O-O 20. Qd2 Bc6 21. Rf1
Rdf8 22. Rxf8+ Rxf8 23. Qh6 Qc7 24. O-O-O Rf2 25. Bg4 Bd5 26. Re1 Rf6 27. Kb1
Bxg3 28. hxg3 Qxg3 29. Bxe6+ Bxe6 30. Rxe6 Rxe6 31. Qf8+ Kd7 32. Qxc5 b6 33.
Qxd4+ Qd6 34. Qa4+ Qc6 35. Qxa7+ Qc7 36. Qa4+ Qc6 37. Qd4+ Qd6 38. Qa4+ Kc8 39.
Qa6+ Kb8 40. a4 h5 41. a5 Qc7 42. axb6 Rxb6 0-1

[Event "Hadouken!"]
[Site "http://www.queenalice.com/game.php?id=574328"]
[Date "2009.4.19"]
[Round "-"]
[White "Teenho"]
[Black "llfs"]
[Result "1-0"]
[WhiteElo "1402"]
[BlackElo "1523"]

1. e4 e5 2. d4 Qh4 3. Nf3 Qxe4+ 4. Qe2 Qxe2+ 5. Bxe2 exd4 6. Bc4 c6 7. Ng5 d5 8.
Bd3 g6 9. O-O Be7 10. Re1 Nf6 11. c4 dxc4 12. Bxc4 Be6 13. Bxe6 fxe6 14. Nxe6 d3
15. Nc7+ Kf7 16. Nxa8 Rd8 17. Bf4 Na6 18. Nc7 Nxc7 19. Bxc7 Rd7 20. Be5 d2 21.
Rd1 Ne4 22. Nc3 Nxc3 23. Bxc3 Bg5 24. g3 h5 25. f4 Bf6 26. Rxd2 Rxd2 27. Bxd2
Bxb2 28. Rb1 Bd4+ 29. Kf1 b5 30. h4 Kf6 31. Rd1 c5 32. Ba5 b4 33. Bd8+ Kf5 34.
Re1 c4 35. Ba5 b3 36. axb3 1-0

[Event "Fla x Flu"]
[Site "http://www.queenalice.com/game.php?id=575218"]
[Date "2009.4.21"]
[Round "-"]
[White "uegfelipe"]
[Black "llfs"]
[Result "1-0"]
[WhiteElo "1414"]
[BlackElo "1523"]

1. Nc3 c6 2. d4 d5 3. Bf4 Nd7 4. e4 e6 5. f3 Qb6 6. b3 Qd8 7. e5 Qh4+ 8. g3 Qd8
9. h4 g6 10. Bd3 a6 11. a4 Ne7 12. g4 Bg7 13. h5 gxh5 14. gxh5 h6 15. Bg3 Qb6
16. Nge2 c5 17. a5 1-0

[Event "Viva Palmares!"]
[Site "http://www.queenalice.com/game.php?id=575220"]
[Date "2009.4.21"]
[Round "-"]
[White "llfs"]
[Black "uegfelipe"]
[Result "0-1"]
[WhiteElo "1523"]
[BlackElo "1329"]

1. c4 Nf6 2. d3 e5 3. f3 Bc5 4. Bg5 Bb4+ 5. Nc3 Bxc3+ 6. bxc3 d6 7. d4 h6 8.
Bxf6 Qxf6 9. c5 O-O 10. cxd6 cxd6 11. dxe5 dxe5 12. Nh3 Rd8 13. Qc2 Bf5 14. Qb2
e4 15. Qxb7 Nc6 16. Qb3 Be6 17. Qc2 e3 18. Rd1 Bf5 19. Qb2 Rab8 0-1

[Event "Let's Play Chess!"]
[Site "http://www.queenalice.com/game.php?id=575269"]
[Date "2009.4.21"]
[Round "-"]
[White "colognestar"]
[Black "llfs"]
[Result "1-0"]
[WhiteElo "2127"]
[BlackElo "1527"]

1. d4 d5 2. c4 dxc4 3. e3 e6 4. Bxc4 Nf6 5. Nf3 Bb4+ 6. Bd2 Be7 7. Nc3 Nc6 8.
O-O Na5 9. Bd3 c6 10. e4 Qb6 11. Rb1 Qc7 12. b4 Bxb4 13. Rxb4 b5 14. Re1 c5 15.
Nxb5 Qc6 16. Ne5 Qb7 17. Nd6+ Kf8 18. Rxb7 Nxb7 19. Nxb7 Bxb7 20. dxc5 g6 21.
Qf3 Kg7 22. Bg5 Nh5 23. Qxf7# 1-0

[Event "Challenge"]
[Site "http://www.queenalice.com/game.php?id=575859"]
[Date "2009.4.22"]
[Round "-"]
[White "llfs"]
[Black "matheus3791"]
[Result "0-1"]
[WhiteElo "1447"]
[BlackElo "1616"]

1. e4 e5 2. Nf3 d6 3. d4 Bg4 4. Bd2 Nh6 5. Bxh6 Bxf3 6. Qxf3 Qh4 7. Bc4 Qe7 8.
Be3 Nc6 9. Nc3 exd4 10. Nd5 Qd7 11. Nxc7+ Qxc7 12. Bd2 O-O-O 0-1

[Event "Let's Play Chess!"]
[Site "http://www.queenalice.com/game.php?id=576323"]
[Date "2009.4.23"]
[Round "-"]
[White "Franz2"]
[Black "llfs"]
[Result "1-0"]
[WhiteElo "2087"]
[BlackElo "1447"]

1. d4 d5 2. Nf3 Bg4 3. Nbd2 c6 4. h3 Bf5 5. e3 Nf6 6. c4 e6 7. cxd5 Qxd5 8. Bc4
Qd6 9. O-O b5 10. Be2 Be7 11. Nb3 Bd8 12. Nc5 Ne4 13. b4 a5 14. Ba3 Na6 15. Nb7
Qd7 16. Nxd8 Qxd8 17. Qb3 axb4 18. Bxb4 Nxb4 19. Qxb4 Nd6 20. a4 bxa4 21. Rxa4
Rxa4 22. Qxa4 Be4 23. Ne5 Qg5 24. Bf3 Bxf3 25. Nxf3 Qd8 26. Qxc6+ Qd7 27. Qxd7+
Kxd7 28. Ra1 Rd8 29. Ra7+ Ke8 30. Ne5 Kf8 31. f4 f6 32. Nd7+ Ke8 33. Nc5 e5 34.
Rxg7 exd4 35. Rxh7 dxe3 36. Rh8+ Ke7 37. Rxd8 Kxd8 38. g4 Nc4 39. Kf1 Kc7 40.
Ne4 Kc6 41. Nxf6 Kc5 42. Ke2 Kd4 43. g5 Nd6 44. g6 Nf5 45. Ne8 Ng3+ 46. Ke1 Nf5
47. g7 1-0